LEADER 01996nas 2200613-a 450 001 996224919003316 005 20240413025821.0 035 $a(CKB)991042731853470 035 $a(CONSER)---93649744- 035 $a(EXLCZ)99991042731853470 100 $a19930208a19919999 --- - 101 0 $aita 181 $ctxt$2rdacontent 182 $cc$2rdamedia 183 $acr$2rdacarrier 200 10$aTeoria 210 $aPisa $cETS$d1991- 215 $a1 online resource 300 $aTitle from cover. 300 $a"Rivista di filosofia fondata da Vittorio Sainati" -- on cover. 300 $aSome issues have also thematic titles. 300 $aIssue terza ser. 2, 2 (2007)--accompanied by CD-ROM version in English. 311 08$aPrint version: Teoria (Pisa, Italy) 1122-1259 (DLC) 93649744 (OCoLC)27394590 606 $aPhilosophy$vPeriodicals 606 $aHermeneutics$vPeriodicals 606 $aLogic$vPeriodicals 606 $aLanguage and languages$xPhilosophy$vPeriodicals 606 $aPhilosophie$vPériodiques 606 $aHerméneutique$vPériodiques 606 $aLogique$vPériodiques 606 $aLangage et langues$xPhilosophie$vPériodiques 606 $aLogic$2fast$3(OCoLC)fst01002014 606 $aLanguage and languages$xPhilosophy$2fast$3(OCoLC)fst00992193 606 $aHermeneutics$2fast$3(OCoLC)fst00955492 606 $aPhilosophy$2fast$3(OCoLC)fst01060777 608 $aPeriodicals.$2fast 615 0$aPhilosophy 615 0$aHermeneutics 615 0$aLogic 615 0$aLanguage and languages$xPhilosophy 615 6$aPhilosophie 615 6$aHerméneutique 615 6$aLogique 615 6$aLangage et langues$xPhilosophie 615 7$aLogic. 615 7$aLanguage and languages$xPhilosophy. 615 7$aHermeneutics. 615 7$aPhilosophy. 676 $a105 906 $aJOURNAL 912 $a996224919003316 920 $aexl_impl conversion 996 $aTeoria$9894266 997 $aUNISA LEADER 01242nam0 22002771i 450 001 UON00150005 005 20231205102918.272 100 $a20020107d1948 |0itac50 ba 101 $aeng 102 $aJP 105 $a||||p ||||| 200 1 $aHell screen ("Jigoku Hen") and other stories$fby Ryunosuke Akutagawa$gtranslated from the Japanese by W.H.H. Norman 210 $aTokyo$cThe Hokuseido Press$d1948 215 $a177 p.$cill.$d21 cm 606 $aLETTERATURA GIAPPONESE$xNOVELLISTICA$xAKUTAGAWA$3UONC000235$2FI 606 $aLETTERATURA GIAPPONESE$xNOVELLISTICA$xSEC. XX$3UONC002580$2FI 620 $aJP$dTo?kyo?$3UONL000031 686 $aGIA VI BA$cGiappone - Letteratura moderna e contemporanea - Testi$2A 700 0$aAKUTAGAWA Ryunosuke$3UONV000644$0445898 712 $aHokuseido Press$3UONV248741$4650 801 $aIT$bSOL$c20260220$gRICA 899 $aSIBA - SISTEMA BIBLIOTECARIO DI ATENEO E ARCHIVIO STORICO$2UONSI 912 $aUON00150005 950 $aSIBA - SISTEMA BIBLIOTECARIO DI ATENEO E ARCHIVIO STORICO$dSI GIA VI BA 717 N $eSI SA 101980 7 717 N 996 $aHell screen ("Jigoku Hen") and other stories$91274937 997 $aUNIOR